000 00619nam a22002057a 4500
003 DO-SdBNP
005 20180215123246.0
008 180215b 1994 ||||| |||| 00| 0 spa d
020 _a9788401375064
040 _aBPMSU
_bspa
_cBPMSU
100 1 _aForsyth, Frederick
240 1 0 _aFist of God.
_lEspañol
245 1 3 _aEl puño de Dios /
_cFrederick Forsyth ; traducción: Berta Monturiol.
260 _aBarcelona :
_bPlaza & Janés,
_c1994.
300 _a637 p. ;
_c22 cm.
700 1 2 _aMonturiol, Berta,
_etr.
942 _2ddc
_cBK
945 _aInventariado, 2018 /LP
956 _aLOPEREZ
_b10
_c20180215
_hBPMSU
999 _c13298
_d13298